000 01681nam a22002177a 4500
005 20250625153112.0
008 250625b |||||||| |||| 00| 0 eng d
020 _a9780349438368
040 _cAL
041 _aEnglish
082 _223
_a813.6
_bHUAI
110 _aAna Huang
_9216102
245 _aIf love had a price
260 _aLondon
_bPiatkus
_c2023
300 _a353p
_bPB
_c19.5x12.5cm.
365 _2General
_a1546
_b₹479.00
_c
_d₹599.00
_e20%
_f21/06/2025
440 _aTwisted series 3
_9216103
520 _aShe offered him $10,000 to seduce her father's gold-digging fiancée. He countered with $15,000 and a kiss - from her. At any time he chose . Kris should've said no, but she was desperate to get rid of her stepmother-to-be, and the gorgeous actor with the wicked grin was perfect for the job So she agreed to his terms - not knowing that doing so would cost her a lot more than money and a kiss. He did it for the money - which he desperately needed. the kiss was just a bonus - or so he told himself. Melting an ice princess like Kris started as a challenge, but by the time Nate realized there was more to Kris than meets the eye, it was too late: he had fallen. But they're not just from opposite sides of the track - they're from different worlds. And when those worlds collide, Kris and Nate must decide whether they're willing to give up what they have for what could be .This is book three of the If Love series but can be read as a complete standalone. homologically, it takes place between books one (If We Ever Meet Again) and two (If the Sun Never Sets).
650 _2American Fiction in English
_aLiterature
_9216104
942 _2ddc
_cBK
999 _c234534
_d234534